000 01898nam a2200373 i 4500
003 DO-SdBNP
005 20260312090032.0
007 ta
008 230726b2022 dr c|||| |||| 00| 0 spa d
020 _a9789945181487
040 _aDO-SdBNP
_bspa
_cBNPHU
_erda
041 _aspa
082 4 _aRD863.44
_bE74a
_222
100 _aEscarramán Hernández, Victor,
_eautor
_4aut.
_980641
245 1 0 _aArcoíris de trastornos mentales en la narrativa de Rafael Peralta Romero y Tony Raful :
_bdiscurso pronunciado el 10 de septiembre de 2022 al ser incorporado como miembro correspondiente de la Academia Dominicana de la Lengua /
_cVíctor Escarramán Hernández
264 1 _aSanto Domingo :
_bAcademia Dominicana de la Lengua,
_c2022.
300 _a98 páginas :
_bretrato ;
_c23 cm.
336 _atexto
_btxt
_2rdacontent
337 _asin mediación
_bn
_2rdamedia
338 _avolumen
_bnc
_2rdacarrier
500 _aIncluye referencias bibliográficas y notas al pie de las páginas.
500 _aDiscurso pronunciado el 10 de septiembre de 2022 al ser incorporado como miembro correspondiente de la Academia Dominicana de la Lengua.
500 _aIncluye biografía en las páginas 81-82
504 _aBibliografía : páginas 81-89
505 _aMotivo--
_tPremisas--
_tExordio--
_tDespliegue analítico--
_tBiografía--
_tBibliografía--
_tRespuesta al discurso de Víctor Escarramán Hernández por Rita Díaz Blanco.
590 _aInventariado, 2023/BT
600 1 0 _aPeralta Romero, Rafael,
_d1948-
_xCrítica e interpretación
_979774
600 1 4 _aRaful, Tony,
_xCrítica e interpretación
_983982
650 4 _aCuentos dominicanos
_xCrítica e interpretación
_910011
650 4 _aNovela dominicana
_xCrítica e interpretación
_920147
650 4 _aLiteratura dominicana
_xCrítica e interpretación
_9216
910 _aBtavárez/Validado. Control de calidad MFF
942 _2ddc
_cLBS1
999 _c54247
_d54247